Systematic software development using VDM /

Guardado en:
Detalles Bibliográficos
Autor principal: Jones, Cliff B (Autor)
Formato: Libro
Lenguaje:inglés
Publicado: New York : Prentice Hall, 1989
Edición:2.ed.
Materias:
Etiquetas: Agregar Etiqueta
Sin Etiquetas, Sea el primero en etiquetar este registro!

MARC

LEADER 00000nam a22000003a 4500
001 stu2956
005 20201005125025.4
008 930122s1989----xxu-----------------eng-d
020 |a 0-13-880733-7 
040 |a STU  |b slo 
041 0 |a eng 
044 |a xxu 
080 |a 681.32.06 
080 |a 519.683 
100 1 |a Jones, Cliff B  |4 aut 
245 1 |a Systematic software development using VDM /  |c [aut.] Jones,Cliff B 
250 |a 2.ed. 
260 |a New York :  |b Prentice Hall,  |c 1989 
300 |a 333 s 
650 7 |a software  |2 estusub 
650 7 |a programovanie  |2 stusub 
996 |b 284IQ00014  |c I*20P4740  |l II680  |s A  |a 24  |w stu2956_0001